| 000 | 01039nam a2200313 i 4500 | ||
|---|---|---|---|
| 001 | 000030699 | ||
| 003 | DO-SdBNP | ||
| 005 | 20260319130018.0 | ||
| 007 | ta | ||
| 008 | 110526s1979 dr ac 000 | spa d | ||
| 040 |
_aDO-SdBNP _bspa _cBNPHU _erda |
||
| 041 | _aspa | ||
| 082 | 4 |
_a739.097293 _bV422m _222 |
|
| 100 | 1 |
_aVega, Bernardo, _d1938 - _eautor _4aut. _93222 |
|
| 245 | 1 | 4 |
_aLos metales y los aborígenes de la Hispaniola / _cBernardo Vega. |
| 250 | _aPrimera edición | ||
| 264 | 1 |
_aSanto Domingo : _bEdiciones Museo del Hombre Dominicano, _c1979. |
|
| 300 |
_a63 páginas : _bilustraciones, retratros ; _c21 cm. |
||
| 336 |
_atexto _btxt _2rdacontent |
||
| 337 |
_asin mediación _bn _2rdamedia |
||
| 338 |
_avolumen _bnc _2rdacarrier |
||
| 490 |
_aInvestigaciones antropológicas ; _v12 |
||
| 590 | _aInventariado, 2018/LP | ||
| 650 | 4 |
_aTaínos _xArte _957271 |
|
| 650 | 4 |
_aMetales preciosos _957272 |
|
| 650 | 4 |
_aOrfebrería _zRepública Dominicana _957273 |
|
| 910 | _aValidado. Control de calidad MFF | ||
| 942 |
_2ddc _cLBS1 |
||
| 999 |
_c30191 _d30191 |
||